| 000 | 00606nam a2200217Ia 4500 | ||
|---|---|---|---|
| 005 | 20260429112212.0 | ||
| 008 | 260429s9999||||xx |||||||||||||| ||und|| | ||
| 020 | _a9781260091649 | ||
| 041 | _aEnglish | ||
| 082 |
_a363.7 _bENG |
||
| 100 | _aEnger, Eldon | ||
| 245 | 0 |
_aEnvironmental science : _ba study of interrelationships / _cEldon Enger |
|
| 250 | _a15th ed. | ||
| 260 |
_aNew York : _bMcGraw-Hill Education, _c2019. |
||
| 300 | _axxi, 516 p.; pbk | ||
| 650 | _a Ecology | ||
| 650 | _a Environmental studies | ||
| 650 | _aEnvironmental science | ||
| 700 | _a Smith, Bradley | ||
| 942 | _cTB | ||
| 999 |
_c52868 _d52868 |
||